|
|
|
|
| LEADER |
00000nam0a2200000 4500 |
| 001 |
34812 |
| 005 |
20231030231510.0 |
| 010 |
|
|
|a 5020139963
|
| 035 |
|
|
|a (RuTPU)RU\TPU\book\35221
|
| 035 |
|
|
|a BOOK00001873
|
| 090 |
|
|
|a 34812
|
| 100 |
|
|
|a 20011210d1989 m y0rusy50 ca
|
| 101 |
0 |
|
|a rus
|
| 102 |
|
|
|a RU
|
| 105 |
|
|
|a y j 000zy
|
| 200 |
1 |
|
|a Численные методы
|e Учебные пособия
|f А. А. Самарский, А. В. Гулин
|
| 210 |
|
|
|a Москва
|c Наука
|d 1989
|
| 215 |
|
|
|a 432 с.
|
| 610 |
1 |
|
|a прикладная математика
|
| 610 |
1 |
|
|a численные методы
|
| 610 |
1 |
|
|a построение
|
| 610 |
1 |
|
|a исследования
|
| 610 |
1 |
|
|a ЭВМ
|
| 610 |
1 |
|
|a задачи
|
| 610 |
1 |
|
|a решения
|
| 610 |
1 |
|
|a уравнения
|
| 610 |
1 |
|
|a учебные пособия
|
| 675 |
|
|
|a 519.6(075.8)
|v 3
|
| 700 |
|
1 |
|a Самарский
|b А. А.
|g Александр Андреевич
|
| 701 |
|
1 |
|a Гулин
|b А. В.
|g Алексей Владимирович
|
| 801 |
|
0 |
|a RU
|b 63413507
|c 20011210
|g PSBO
|
| 801 |
|
2 |
|a RU
|b 63413507
|c 20140219
|g PSBO
|
| 900 |
|
|
|a Прикладная математика
|
| 900 |
|
|
|a Численные методы
|
| 900 |
|
|
|a Вычислительная математика
|
| 942 |
|
|
|c BK
|